| 000 | 00811cam a22002654a 4500 | ||
|---|---|---|---|
| 003 | UPN | ||
| 005 | 20220922192751.0 | ||
| 008 | 090212s2003 es r 000 f spa d | ||
| 020 | _a8495722178 | ||
| 035 | _aUPN01000169226 | ||
| 040 |
_aUPN _bspa _cUPN |
||
| 049 | _aCG | ||
| 050 | 4 |
_aPC3942.29 I46 _bR36 2003 |
|
| 100 | 1 |
_aSimó, Isabel-Clara, _d1943-2020 _946450 |
|
| 245 | 1 | 0 |
_aRaquel / _cIsabel-Clara Simó ; traducción Silvia Senz. |
| 250 | _aSegunda edición | ||
| 260 |
_aAlzira, España : _bAlgar, _c2003. |
||
| 300 | _a182 páginas | ||
| 650 | 4 |
_aNovela juvenil española _943377 |
|
| 650 | 4 |
_aEmociones en la adolescencia _vNovela juvenil _946451 |
|
| 700 | 1 |
_aSenz Bueno, Silvia, _d1965- _etraductora _946685 |
|
| 902 | _bCarolina Alvarado /220922/M | ||
| 905 | _aLibro | ||
| 942 |
_2lcc _cLIBRO |
||
| 999 |
_c141332 _d141332 |
||